01465nam a22003377a 45000010005000000030006000050050017000110080041000280200018000690400029000870500014001160820015001301000019001452450121001642500041002852600037003263000054003634900016004175050008004335200109004415210020005505210020005706500029005906500035006197000022006549420015006769990015006919520141007069520139008479520141009867760FISKH20251210150603.0250805b cb ||||| |||| 00| 0 eng d a9780590451574 aFISKHbengcFISKHdFISKH aQE535.S37 a979.461051 aLevine, Ellen  aIf you lived at the Time of the great San Francisco earthquake / cBy Ellen Levine : Illustrated by Pat Grant Porter aFirst Scholastic printing, July 1992 aNew York : bScholastic, c1992. a64 pages : bcolor illustrations ;c19 X 23 cm .  aIf you .... aR  aAnswers many questions about what happened when a big earthquake hit the city of San Francisco in 1906. 8 a760 bLexile 8 aR bRaz-Plus  aEarthquakesvNon-fiction aNatural disastersvNon-fiction aPorter, Pat Grant 2ddccBKn0 c7760d7760 00102ddc40708NFICa002b002cTTP Oranged2025-08-05l0oLEV 979.461051 QE535.S37pFISTK01571r2025-08-05 09:23:00t1w2025-08-05yBK 00102ddc40708NFICa002b002cTTP Oranged2025-08-14l0oLEV 979.461051 QE535.S37pFIS04829r2025-08-14 14:31:38t2w2025-08-14yBK 00102ddc40708NFICa002b002cTTP Oranged2025-12-10l0oLEV 979.461051 QE535.S37pFISBK05533r2025-12-10 15:06:00t3w2025-12-10yBK